Dr. S. R. Lasker Library Online Catalogue

Home      Library Home      Institutional Repository      E-Resources      MyAthens      EWU Home

Climate change, Sea-level Rise and Development in Bangladesh / (Record no. 7825)

MARC details
000 -LEADER
fixed length control field 00823nam a22002777a 4500
001 - CONTROL NUMBER
control field 7825
003 - CONTROL NUMBER IDENTIFIER
control field BD-DhEWU
005 - DATE AND TIME OF LATEST TRANSACTION
control field 20150220200958.0
008 - FIXED-LENGTH DATA ELEMENTS--GENERAL INFORMATION
fixed length control field 150220s2014 bg a|||g b||| 001 0 eng d
020 ## - INTERNATIONAL STANDARD BOOK NUMBER
International Standard Book Number 9789845061414
035 ## - SYSTEM CONTROL NUMBER
System control number (OCoLC)
040 ## - CATALOGING SOURCE
Original cataloging agency BD-DhEWU
Language of cataloging eng
Transcribing agency BD-DhEWU
Modifying agency BD-DhEWU
041 ## - LANGUAGE CODE
Language code of text/sound track or separate title eng
082 04 - DEWEY DECIMAL CLASSIFICATION NUMBER
Classification number 363.7384095492
Item number BRC 2014
100 1# - MAIN ENTRY--PERSONAL NAME
Personal name Brammer, Hugh.
9 (RLIN) 19231
245 10 - TITLE STATEMENT
Title Climate change, Sea-level Rise and Development in Bangladesh /
260 ## - PUBLICATION, DISTRIBUTION, ETC. (IMPRINT)
Place of publication, distribution, etc Dhaka :
Name of publisher, distributor, etc University press limited,
Date of publication, distribution, etc 2014.
300 ## - PHYSICAL DESCRIPTION
Extent xxi, 306 p. :
Other physical details ill. ;
Dimensions 25 cm.
504 ## - BIBLIOGRAPHY, ETC. NOTE
Bibliography, etc Includes index and bibliographical references.
526 ## - STUDY PROGRAM INFORMATION NOTE
Program name MPRHGD
590 ## - LOCAL NOTE (RLIN)
Local note Saifun Momota
653 ## - INDEX TERM--UNCONTROLLED
Uncontrolled term Climatic changes -- Bangladesh.
Uncontrolled term Sustainable development.
856 ## - ELECTRONIC LOCATION AND ACCESS
Materials specified WorldCat details
942 ## - ADDED ENTRY ELEMENTS (KOHA)
Source of classification or shelving scheme Dewey Decimal Classification
Koha item type Text
Holdings
Withdrawn status Lost status Source of classification or shelving scheme Damaged status Not for loan Collection code Home library Current library Shelving location Date acquired Source of acquisition Cost, normal purchase price Total Checkouts Full call number Barcode Date last seen Copy number Price effective from Koha item type
    Dewey Decimal Classification   Not For Loan Non-fiction Dr. S. R. Lasker Library, EWU Dr. S. R. Lasker Library, EWU Reserve Section   The University Press Ltd. 1500.00   363.7384095492 BRC 2014 26464 20/02/2015 C-1 20/02/2015 Text